[Event "maximos"]
[Site "http://www.queenalice.com/game.php?id=313952"]
[Date "2007.12.2"]
[Round "2"]
[White "Alsina"]
[Black "maximos"]
[Result "1-0"]
[WhiteElo "2416"]
[BlackElo "1752"]

1. e4 e5 2. Nf3 d6 3. d4 Nf6 4. Nc3 Bg4 5. dxe5 Nfd7 6. exd6 Bxd6 7. h3 Bxf3 8.
Qxf3 Ne5 9. Qh5 Nbd7 10. Bg5 Nf6 11. Qe2 h6 12. Bd2 Qd7 13. f4 O-O-O 14. O-O-O
Nc6 15. e5 Rhe8 16. Qf2 Nxe5 17. fxe5 Bxe5 18. Qxa7 Qc6 19. Bb5 Qe6 20. Qa8# 1-0

[Event "Fim de Ano"]
[Site "http://www.queenalice.com/game.php?id=317204"]
[Date "2007.12.8"]
[Round "1"]
[White "maximos"]
[Black "HolyPhoenix"]
[Result "0-1"]
[WhiteElo "1751"]
[BlackElo "1686"]

1. d4 d5 2. Bf4 Nc6 3. e3 Nf6 4. Nc3 Bg4 5. Be2 Bxe2 6. Qxe2 Qc8 7. e4 dxe4 8.
Nxe4 Nxe4 9. Qxe4 g6 10. d5 Na5 11. Qa4+ c6 12. Qxa5 Qg4 13. Bg3 Qe4+ 14. Ne2
Qxg2 15. Rg1 Qxd5 16. Qc7 Rd8 17. Bf4 e5 18. Nc3 Bb4 19. Qxe5+ Qxe5+ 20. Bxe5
Rg8 21. a3 Bc5 22. Rd1 Rxd1+ 23. Nxd1 Kd7 24. Nc3 Re8 25. Kd1 Rxe5 26. Rf1 Rh5
27. Ne4 Rd5+ 28. Kc1 Rf5 29. Rd1+ Kc7 30. Nxc5 Rxc5 31. b3 Rf5 32. Rd2 Ra5 33.
Kb2 Rh5 34. f4 Rh4 35. Rf2 f5 36. a4 a5 37. Kc3 Kb6 38. Kc4 g5 39. Kc3 gxf4 40.
Kd3 Kc5 41. c3 Rh3+ 42. Kc2 Kd5 43. Rd2+ Ke4 44. Re2+ Kf3 45. Kd3 Rh4 46. Re5 b6
47. Rxf5 Rxh2 48. b4 axb4 49. cxb4 Rh3 50. Kc4 Ke4 51. Rf6 f3 52. Rxc6 f2 53.
Rf6 Rf3 54. Rxf3 Kxf3 55. Kb5 f1=Q+ 56. Kxb6 Qc4 57. Ka5 Qc7+ 58. Kb5 Ke4 59. a5
Kd5 60. a6 Qc6+ 61. Ka5 Kc4 0-1

[Event "Droga"]
[Site "http://www.queenalice.com/game.php?id=317224"]
[Date "2007.12.8"]
[Round "-"]
[White "Railton"]
[Black "maximos"]
[Result "1-0"]
[WhiteElo "1668"]
[BlackElo "1781"]

1. a4 d5 2. e3 e5 3. Be2 Nf6 4. c4 Bb4 5. Nf3 Nc6 6. cxd5 Qxd5 7. O-O O-O 8. Nc3
Bxc3 9. dxc3 Qe6 10. Ng5 Qf5 11. e4 Nxe4 12. Nxe4 Qxe4 13. Bd3 Qh4 14. g3 Qf6
15. Be3 Re8 16. Qc2 g6 17. Rfe1 Bd7 18. Be4 Rad8 19. Rad1 Na5 20. Bxa7 Be6 21.
Rxd8 Rxd8 22. Bg2 b6 23. b4 Nc6 24. Bxc6 Bf5 25. Be4 Bh3 26. Bg2 Bg4 27. a5 h5
28. h3 Bf5 29. Qe2 Ra8 30. axb6 cxb6 31. Bxa8 Bxh3 32. Qxe5 Qe6 33. Qxe6 Bxe6
34. Rxe6 1-0

[Event "Challenge"]
[Site "http://www.queenalice.com/game.php?id=318990"]
[Date "2007.12.12"]
[Round "-"]
[White "maximos"]
[Black "sirofa"]
[Result "0-1"]
[WhiteElo "1754"]
[BlackElo "2250"]

1. d4 Nf6 2. Bf4 d5 3. e3 Bf5 4. a3 e6 5. Bb5+ c6 6. Be2 Qb6 7. b3 Qa5+ 8. c3 h6
9. b4 Qd8 10. Nf3 Nbd7 11. c4 g5 12. Bg3 dxc4 13. Bxc4 b5 14. Bb3 a5 15. bxa5
Qxa5+ 16. Nbd2 Ne4 17. O-O Nc3 18. Qe1 Bd3 19. Ne5 Ne2+ 20. Kh1 Nxg3+ 21. fxg3
Nxe5 22. dxe5 Bxf1 23. Qxf1 Bg7 24. Ne4 O-O 25. Nf6+ Bxf6 26. Qxf6 Qc3 27. Rf1
Qxb3 28. h3 Rxa3 29. Rf3 Ra1+ 30. Kh2 Qd1 31. g4 Qg1+ 32. Kg3 Ra2 0-1

[Event "Challenge"]
[Site "http://www.queenalice.com/game.php?id=318993"]
[Date "2007.12.12"]
[Round "-"]
[White "maximos"]
[Black "m_2788"]
[Result "0-1"]
[WhiteElo "1737"]
[BlackElo "1995"]

1. d4 Nf6 2. Bf4 e6 3. e3 c5 4. Nf3 cxd4 5. Nxd4 Qa5+ 6. c3 d6 7. b4 Qd8 8. Nf3
e5 9. Bg5 Be7 10. Bxf6 Bxf6 11. Nbd2 d5 12. Be2 O-O 13. e4 Be6 14. O-O d4 15.
cxd4 exd4 16. e5 Be7 17. Nb3 Bxb4 18. Nfxd4 Qb6 19. Bf3 Rd8 20. a3 Bf8 21. Qc2
Bxb3 22. Nxb3 Nc6 23. Rfe1 Rac8 24. Qe4 Qxb3 25. Rab1 Qxa3 26. e6 fxe6 27. Qxe6+
Kh8 28. Rxb7 Nd4 29. Qg4 Nxf3+ 30. gxf3 Rc6 31. Qf5 Rf6 32. Qe5 Qxf3 33. Rb2 Qh3
0-1

[Event "Challenge"]
[Site "http://www.queenalice.com/game.php?id=319394"]
[Date "2007.12.13"]
[Round "-"]
[White "lobo"]
[Black "maximos"]
[Result "1-0"]
[WhiteElo "1824"]
[BlackElo "1750"]

1. c4 e5 2. Nc3 Bc5 3. e3 d6 4. Nf3 Nf6 5. h3 Nc6 6. g4 h6 7. d4 exd4 8. exd4
Bb4 9. a3 Bxc3+ 10. bxc3 d5 11. c5 Ne4 12. Qe2 Be6 13. Qe3 Qf6 14. Bb5 O-O 15.
Bxc6 bxc6 16. Ke2 Rfe8 17. Ne5 Ng5 18. Kd2 Rab8 19. f4 Ne4+ 20. Kc2 Qh4 21. Bd2
Qg3 22. Nxc6 Ra8 23. h4 Qxg4 24. h5 Bf5 25. Ne5 Nf2+ 26. Kb2 Nxh1 27. Nxg4 Rxe3
28. Nxe3 Be4 29. Ng4 Ng3 30. Rg1 Nxh5 31. Nxh6+ Kf8 32. Ng4 Rb8+ 33. Ka2 Bd3 34.
Ne5 Ke8 35. Nxd3 g6 36. f5 Nf6 37. fxg6 fxg6 38. Rxg6 Kf7 39. Ne5+ Ke7 40. Rg7+
1-0

[Event "maximos"]
[Site "http://www.queenalice.com/game.php?id=337049"]
[Date "2008.1.15"]
[Round "3"]
[White "maximos"]
[Black "Danilo"]
[Result "1-0"]
[WhiteElo "1731"]
[BlackElo "1829"]

1. d4 d5 2. Bf4 Nc6 3. e3 a6 4. Nc3 Bf5 5. g3 e6 6. Nf3 Nf6 7. h3 Nb4 8. Bd3
Bxd3 9. cxd3 h6 10. a3 Nc6 11. O-O g5 12. Be5 Nxe5 13. dxe5 Nd7 14. d4 h5 15.
Nd2 f6 16. e4 fxe5 17. exd5 exd5 18. Nxd5 Bd6 19. dxe5 Bxe5 20. Nf3 Bg7 21. Rc1
c6 22. Re1+ Kf7 23. Ne7 Re8 24. Nxg5+ Kf6 25. Qxh5 Rxe7 26. Nh7# 1-0

[Event "São Benedito"]
[Site "http://www.queenalice.com/game.php?id=338381"]
[Date "2008.1.18"]
[Round "3"]
[White "lobo"]
[Black "maximos"]
[Result "1-0"]
[WhiteElo "1872"]
[BlackElo "1732"]

1. c4 e6 2. Nf3 d5 3. a3 dxc4 4. Qa4+ Nc6 5. Qxc4 Na5 6. Qa4+ c6 7. e3 b5 8. Qc2
Nf6 9. b4 Nb7 10. Qxc6+ Nd7 11. Bxb5 Be7 12. Ne5 O-O 13. Nxd7 Re8 14. Nc5 Nd6
15. Bd3 Rb8 16. Qf3 Nf5 17. Bxf5 exf5 18. d4 Bf6 19. Bb2 Bxd4 20. Bxd4 Qxd4 21.
Ra2 a5 22. O-O Qc4 23. Rd2 axb4 24. axb4 Rxb4 25. Nd3 Ba6 26. Qxf5 Rb3 27. Qd7
Reb8 28. Rdd1 Qc2 29. Rc1 Qxd3 30. Qa4 Rxb1 31. Rxb1 Qxb1 32. Qxa6 Qc2 33. Qd6
g6 34. Qxb8+ 1-0

[Event "Challenge"]
[Site "http://www.queenalice.com/game.php?id=366675"]
[Date "2008.3.6"]
[Round "-"]
[White "maximos"]
[Black "albi"]
[Result "0-1"]
[WhiteElo "1678"]
[BlackElo "1846"]

1. d4 d5 2. Bf4 Nf6 3. e3 e6 4. a3 Bd6 5. Bxd6 Qxd6 6. Nf3 Qb6 7. b3 Ne4 8. Bd3
Nc6 9. O-O Ne7 10. Ne5 f6 11. Qh5+ g6 12. Nxg6 Nxg6 13. f3 f5 14. fxe4 dxe4 15.
Bc4 Qc6 16. Nc3 a6 17. a4 Bd7 18. Qg5 Qd6 19. Rad1 c6 20. Ne2 b5 21. axb5 axb5
22. d5 bxc4 23. bxc4 c5 24. Ng3 Qe7 25. Qh5 Ra2 26. d6 Qh4 27. Rb1 Qxh5 28. Nxh5
O-O 29. Rb7 Ne5 30. Rc7 Rxc2 31. Rxc5 Nd3 32. Rc7 Ne5 33. Rc5 Nxc4 34. Re1 Rc8
35. Nf6+ Kf7 36. Nxd7 Rxc5 37. Nxc5 Nxd6 38. Nd7 Nc4 0-1

[Event "Challenge"]
[Site "http://www.queenalice.com/game.php?id=366677"]
[Date "2008.3.6"]
[Round "-"]
[White "maximos"]
[Black "menino27"]
[Result "0-1"]
[WhiteElo "1678"]
[BlackElo "1771"]

1. d4 Nf6 2. Bf4 Nc6 3. a3 d5 4. e3 e6 5. Nf3 Be7 6. Bb5 Bd7 7. Nc3 O-O 8. Bd3
h6 9. O-O Rc8 10. Ne5 Be8 11. Qf3 a6 12. Qg3 Nh5 13. Qg4 Nxf4 14. Qxf4 f5 15.
Ne2 Bf6 16. Nf3 Qe7 17. c4 Qd7 18. b4 Ne7 19. Nc3 Ng6 20. Qg3 c6 21. Na4 Bf7 22.
Nb6 Qc7 23. Nxc8 Qxc8 24. c5 Re8 25. a4 e5 26. Nd2 exd4 27. Rae1 Ne5 28. Bb1
dxe3 29. fxe3 Be6 30. e4 dxe4 31. Nxe4 fxe4 32. Rxf6 Kh8 33. Qxe5 gxf6 34. Qxf6+
Kg8 35. Rxe4 Qd7 36. Bc2 Bf7 37. Rxe8+ Qxe8 38. Kf2 h5 39. Qg5+ Kf8 40. Kg3 Qe1+
41. Kf4 Qd2+ 42. Ke5 Qxc2 43. Qh6+ Kg8 44. Kf6 Qf2+ 45. Ke7 Qe2+ 46. Kf6 Qe6+
47. Kg5 Qe3+ 0-1

[Event "Challenge"]
[Site "http://www.queenalice.com/game.php?id=373203"]
[Date "2008.3.18"]
[Round "-"]
[White "maximos"]
[Black "jovy1097"]
[Result "1-0"]
[WhiteElo "1702"]
[BlackElo "1837"]

1. d4 Nf6 2. Bg5 e6 3. e3 d5 4. a3 Be7 5. Nf3 Ne4 6. Bf4 O-O 7. Bd3 c5 8. h4
cxd4 9. Nxd4 Nd7 10. Qg4 f5 11. Qh3 e5 12. Nxf5 exf4 13. exf4 Ndc5 14. g4 Nxd3+
15. Qxd3 Bxf5 16. gxf5 Rxf5 17. Rg1 Bxh4 18. Nc3 Bxf2+ 19. Ke2 Bxg1 20. Rxg1
Nxc3+ 21. bxc3 Rxf4 22. Kd1 d4 23. c4 Qf6 24. c5 Rc8 25. Qc4+ Kf8 26. Kc1 b6 27.
Qa6 Rc7 28. cxb6 axb6 29. Qa8+ Kf7 30. Qd5+ Ke7 31. Re1+ Kf8 32. Qa8+ 1-0

[Event " ░ "]
[Site "http://www.queenalice.com/game.php?id=376453"]
[Date "2008.3.24"]
[Round "-"]
[White "Railton"]
[Black "maximos"]
[Result "0-1"]
[WhiteElo "1881"]
[BlackElo "1705"]

1. b4 d5 2. Bb2 Bf5 3. d3 e5 4. Bxe5 d4 5. a3 Nc6 6. Bg3 Be7 7. Nf3 b5 8. Ne5
Nxe5 9. Bxe5 f6 10. Bg3 c5 11. Nd2 cxb4 12. axb4 Bxb4 13. e4 Qe7 14. Be2 Bc3 15.
O-O Bxa1 16. Qxa1 Be6 17. Qxd4 Nh6 18. Bf3 O-O 19. Bd6 Qd7 20. e5 Nf5 21. Qc5
Rfc8 22. Qb4 Nxd6 23. Bxa8 Nf5 24. Be4 Nd4 25. exf6 Nxc2 26. Qe7 gxf6 27. Qxf6
Rf8 28. Qg5+ Qg7 29. Qxg7+ Kxg7 30. Rc1 Nd4 31. Rc7+ Rf7 32. Rxf7+ Bxf7 33. Kf1
a5 34. Nb1 b4 35. Ke1 a4 36. Kd2 a3 0-1

[Event " ░ "]
[Site "http://www.queenalice.com/game.php?id=376454"]
[Date "2008.3.24"]
[Round "-"]
[White "maximos"]
[Black "Railton"]
[Result "1/2-1/2"]
[WhiteElo "1711"]
[BlackElo "1858"]

1. d4 d5 2. Bf4 e6 3. e3 a6 4. a3 Bd6 5. Qg4 g6 6. Nh3 e5 7. Qf3 e4 8. Qg3 Bxh3
9. gxh3 Bxf4 10. Qxf4 Qd7 11. Qe5+ Kf8 12. Qxh8 h6 13. Qe5 Nc6 14. Qg3 b5 15. h4
h5 16. Nd2 Nf6 17. Bh3 Qe7 18. O-O-O Nd8 19. f3 Ne6 20. fxe4 dxe4 21. Bxe6 Qxe6
22. Qxc7 Rc8 23. Qb7 Nd5 24. Nxe4 Rxc2+ 25. Kxc2 Qxe4+ 26. Kb3 Qxe3+ 27. Ka2 Qe6
28. Rhe1 Nb4+ 29. Kb1 Qa2+ 30. Kc1 Qa1+ 31. Kd2 Qxb2+ 32. Ke3 Nc2+ 33. Kf2 Nxe1+
34. Kxe1 Qc3+ 35. Rd2 Qc1+ 36. Rd1 1/2-1/2

[Event "Challenge"]
[Site "http://www.queenalice.com/game.php?id=382233"]
[Date "2008.4.4"]
[Round "-"]
[White "maximos"]
[Black "eduardofelix"]
[Result "0-1"]
[WhiteElo "1720"]
[BlackElo "1750"]

1. d4 Nf6 2. Bf4 c5 3. d5 e6 4. d6 Ne4 5. Nh3 Qb6 6. b3 Nxd6 7. e3 Be7 8. Be2
Nb5 9. Bh5 O-O 10. Qg4 g6 11. Bh6 Re8 12. Nf4 e5 13. Nxg6 fxg6 14. Bxg6 Qxg6 15.
Qc4+ Kh8 16. Qxb5 Qxh6 17. Nc3 a6 18. Qd3 d6 19. O-O-O Rf8 20. f3 b5 21. Kb1 Qg7
22. Nd5 Bd8 23. Rhg1 Bb7 24. Nc3 b4 25. Ne2 Bc7 26. Ng3 Nd7 27. Nf5 Qg6 28. e4
Rf6 29. h4 Bb6 30. Qc4 a5 31. g4 Ba6 32. Qd5 Rd8 33. g5 Rff8 34. Ne7 Qf7 35.
Qxd6 Rfe8 36. g6 Qxe7 37. g7+ Kg8 38. Qh6 c4 39. Rg5 Nf6 40. Rh1 c3 41. Rf5 Rd6
42. a3 Red8 43. f4 Rd1+ 44. Rxd1 Rxd1+ 45. Ka2 Rd8 46. Rxf6 Qxg7 47. Rxb6 Qxh6
48. Rxh6 Bb7 49. Re6 exf4 0-1

[Event "Challenge"]
[Site "http://www.queenalice.com/game.php?id=382234"]
[Date "2008.4.4"]
[Round "-"]
[White "maximos"]
[Black "SRIVERO"]
[Result "0-1"]
[WhiteElo "1717"]
[BlackElo "1733"]

1. e4 c5 2. Bc4 d6 3. Qf3 Nf6 4. h3 Nc6 5. Ne2 g6 6. d3 Ne5 7. Qe3 Nxc4 8. dxc4
Bg7 9. Nbc3 a6 10. g4 e6 11. f4 e5 12. fxe5 dxe5 13. Qxc5 Nd7 14. Qd6 Bf8 15.
Qd5 Qh4+ 16. Kd1 Bg7 17. Qd6 Bf8 18. Qd5 Qe7 19. c5 Qxc5 20. Rf1 Qxd5+ 21. Nxd5
b5 22. Nc7+ Ke7 23. Nxa8 Kd8 24. Be3 Bb7 25. Nb6 Bxe4 26. Rxf7 Nxb6 27. Bxb6+
Ke8 28. Ra7 Bg2 29. h4 Bf3 30. g5 h6 31. Be3 hxg5 32. Bxg5 Rg8 33. Kd2 Bc5 34.
Re1 Bxa7 35. Nf4 e4 36. Ne6 Kf7 37. Kc1 Kxe6 38. a3 a5 39. c3 Rc8 40. Kc2 b4 41.
Kb3 bxc3 42. bxc3 Ra8 43. a4 Rc8 44. Kb2 Rc4 45. Kb3 Bf2 46. Rf1 Bg3 47. Kxc4
Be2+ 48. Kd4 Be5+ 49. Kxe4 Bxf1 50. Ke3 Bxc3 0-1

[Event "Challenge"]
[Site "http://www.queenalice.com/game.php?id=382235"]
[Date "2008.4.4"]
[Round "-"]
[White "Marcelo_Araujo"]
[Black "maximos"]
[Result "1-0"]
[WhiteElo "1700"]
[BlackElo "1728"]

1. Nf3 d5 2. d4 Bf5 3. g3 Nc6 4. Nbd2 g6 5. c3 Bg7 6. Bg2 Qd6 7. O-O e5 8. dxe5
Nxe5 9. Nxe5 Bxe5 10. e4 dxe4 11. Nxe4 Qb6 12. Re1 Ne7 13. Ng5 Bd6 14. b4 O-O-O
15. Nxf7 Bxg3 16. Be3 Bxf2+ 17. Bxf2 Qf6 18. Qf3 Qxf7 19. Qxb7+ Kd7 20. Rad1+
Ke8 21. Qxc7 Rc8 22. Qxa7 Kf8 23. Bc5 Re8 24. Bc6 1-0

[Event "********"]
[Site "http://www.queenalice.com/game.php?id=389871"]
[Date "2008.4.18"]
[Round "-"]
[White "maximos"]
[Black "lobo"]
[Result "1-0"]
[WhiteElo "1669"]
[BlackElo "1855"]

1. d4 e6 2. e4 d5 3. e5 h6 4. Be2 a6 5. a3 Nc6 6. Bf4 Nge7 7. c3 g5 8. Bg3 Bd7
9. Bh5 Nf5 10. Nd2 Nxg3 11. fxg3 Qe7 12. Qb3 O-O-O 13. O-O-O Qe8 14. Be2 Na5 15.
Qc2 h5 16. g4 h4 17. Ngf3 Rg8 18. c4 dxc4 19. Nxc4 Ba4 20. Nb6+ Kb8 21. Nxa4 Qd7
22. Nc5 Qd5 23. Qc3 Nc6 24. Bc4 Nxd4 25. Rxd4 Qxc5 26. Rxd8+ Ka7 27. Nd4 Qe7 28.
Qe3 c5 29. Rd1 Qc7 30. Nxe6 fxe6 31. Bxe6 Rh8 32. Bc8 Bg7 33. Rxh8 Bxh8 34. Qxg5
Bxe5 35. Qd8 Bf4+ 36. Kb1 Qc6 37. Bxb7 Qb5 38. Qa8+ Kb6 39. Qxa6+ Qxa6 40. Bxa6
Kxa6 41. Rd5 Kb5 42. b4 Be3 43. Ka2 Kc4 44. Rxc5+ Bxc5 45. bxc5 Kxc5 46. g5 Kd6
47. a4 1-0

[Event "¢"]
[Site "http://www.queenalice.com/game.php?id=392847"]
[Date "2008.4.24"]
[Round "-"]
[White "Railton"]
[Black "maximos"]
[Result "1-0"]
[WhiteElo "1736"]
[BlackElo "1705"]

1. d4 d5 2. h3 Bf5 3. c3 e6 4. e3 a6 5. Bd3 Qg5 6. g3 Bd6 7. e4 Qf6 8. e5 Bxe5
9. dxe5 Qxe5+ 10. Be3 Ne7 11. Nf3 Qf6 12. Bd4 Qh6 13. Bxf5 Nxf5 14. Be5 O-O 15.
Bf4 Qg6 16. Bxc7 Nd7 17. Ne5 Nxe5 18. Bxe5 Rad8 19. Qg4 Ne7 20. Qxg6 Nxg6 21.
Bd4 e5 22. Bb6 Rc8 23. O-O e4 24. Na3 Ne5 25. Nc2 Nc4 26. Be3 f5 27. Rab1 h6 28.
Bd4 Nd2 29. b4 Nf3+ 30. Kh1 Nxd4 31. Nxd4 Rxc3 32. Ne6 Re8 33. Nf4 e3 34. Nxd5
Rd3 35. Nxe3 Re5 36. Kg2 Rd2 37. Nc4 1-0

[Event "Challenge"]
[Site "http://www.queenalice.com/game.php?id=402786"]
[Date "2008.5.14"]
[Round "-"]
[White "maximos"]
[Black "Nyvang"]
[Result "0-1"]
[WhiteElo "1692"]
[BlackElo "1754"]

1. d4 g6 2. e4 Bg7 3. Nf3 b6 4. Bf4 Bb7 5. Nc3 Nf6 6. Bg5 Nxe4 7. Nb5 Nxg5 8.
Nxg5 e5 9. dxe5 O-O 10. Bc4 a6 11. Nxf7 Rxf7 12. e6 Re7 13. O-O axb5 14. Bb3 d5
15. Re1 c5 16. c4 bxc4 17. Bxc4 Na6 18. Bb5 Nb4 19. a3 Bxb2 20. Rb1 Bxa3 21. Qf3
d4 22. Qg4 Qd5 23. f3 Nd3 24. Bxd3 Rf8 25. Be4 Qd6 26. Bxb7 Rxb7 27. h4 Rf4 28.
Qg5 Rf5 29. Qg4 c4 30. Qe4 Re7 31. Qa8+ Kg7 32. Re4 c3 33. Rd1 Bc5 34. Qa6 d3+
35. Kf1 c2 36. Rxd3 c1=Q+ 37. Re1 Qc2 38. Rxd6 Qf2# 0-1

[Event "Challenge"]
[Site "http://www.queenalice.com/game.php?id=402788"]
[Date "2008.5.14"]
[Round "-"]
[White "maximos"]
[Black "SRIVERO"]
[Result "1/2-1/2"]
[WhiteElo "1723"]
[BlackElo "1646"]

1. d4 Nf6 2. Bf4 d6 3. e3 g6 4. Nc3 Bg7 5. h3 O-O 6. Nf3 Nbd7 7. Bc4 Nb6 8. Bd3
a6 9. Ng5 c5 10. dxc5 dxc5 11. b3 Nbd5 12. Nxd5 Nxd5 13. Rc1 Nc3 14. Qf3 e5 15.
Nxf7 Rxf7 16. Bc4 e4 17. Qg3 Nd5 18. Rd1 Rd7 19. O-O Kh8 20. Be5 Bxe5 21. Qxe5+
Kg8 22. Qxe4 b5 23. Bxd5+ Kf8 24. Qf4+ Kg7 25. Bxa8 Rxd1 26. Qe5+ Kh6 27. Rxd1
Qxd1+ 28. Kh2 c4 29. Qf4+ Kg7 30. Qc7+ Bd7 31. e4 Qd4 32. Bd5 Qf6 33. Qxd7+ Kh6
34. bxc4 Qf4+ 35. Kg1 Qc1+ 36. Kh2 Qf4+ 37. Kg1 Qc1+ 38. Kh2 Qf4+ 39. Kg1
1/2-1/2

[Event "Ronin"]
[Site "http://www.queenalice.com/game.php?id=484039"]
[Date "2008.10.27"]
[Round "3"]
[White "maximos"]
[Black "lobo"]
[Result "0-1"]
[WhiteElo "1664"]
[BlackElo "1862"]

1. d4 e6 2. e4 b6 3. Nf3 Bb7 4. Bc4 Bxe4 5. a3 h6 6. Nc3 Bb7 7. d5 exd5 8. Bxd5
c6 9. Bxf7+ Kxf7 10. Ne5+ Ke8 11. Qh5+ Ke7 0-1